000 00960nam2a22002651 4500
001 RU\NLR\INFOCOMM31\1000041728
005 20250617050437.0
035 _a(NLR Aleph) 002469049
090 _a2321742
_c2321742
100 _a20040408d1978 |||y0rusy50 ca
101 0 _arus
102 _aRU
105 _ay |||||||||
200 1 _aКинетика гетерогенных химических реакций в растворах
_fР.Р. Догонадзе, А.М. Кузнецов
210 _d1978
_aБ. м.
461 0 _1001RU\NLR\INFOCOMM31\1000041726
_12001#$aКинетика. Катализ$fВИНИТИ$vТ.5
_92321724
_d1977-
_fВИНИТИ
_tКинетика. Катализ
_x0202-7968
_vТ.5
700 1 _aДогонадзе
_bР.Р.
_4070
701 1 _aКузнецов
_bА.М.
_4070
801 1 _aRU
_bInfoComm
_c20040408
801 0 _aRU
_bNLR
_gPSBO
852 _aNLR
_jП7/1544
942 _cISSUE
980 _aNB
980 _aRUSPER